000 00698nam a2200229 4500
999 _c371051
_d371051
008 201207b ||||| |||| 00| 0 eng d
040 _bger
_cSTAFF
_erda
_aSTAFF
041 _ager
100 _aHeidenreich, Tony:
245 _aMode in Brandenburg und Berlin.
_cTony Heidenreich
490 _aDie Mark Brandenburg
_v2021/Sonderheft
653 _aBrandenburg
653 _aBerlin
653 _aMode
653 _aModeindustrie
653 _aVeränderung
773 _dBerlin: Die Mark Brandenburg - Verlag für Regional- und Zeitgeschichte
_g(2021) Sonderheft, S. 52-56: Abb.
_tDie Mark Brandenburg
942 _cA